02149nam a2200301 a 4500003000400000005001700004008003500021020001800056040002400074082003000098100002800128245009000156260006000246300003600306500007100342500005600413505089000469590002601359651004401385651007601429651006601505651006601571710003601637910001501673942001201688952013001700999001701830OSt20210715120645.0121115s2012 dr ac 000 0 spa d a9789993427193 aBPMSU bspacBPMSU  a972.93054bV422n 2012222 aVega, Bernardo,d1938 -10aNegociaciones políticas durante la intervención militar de 1965 /cBernardo Vega. aSanto Domingo :bFundación Cultura Dominicana,c2012. a558 p. :bil., retrs. ;c26 cm. aIncluye datos biográficos del autor en la solapa de la cubierta. aIncluye bibliografía y notas al pie de páginas.0 tAntecedentes previos al inicio de las negociaciones --tJohnson ordena a Fortas a viajar a San Juan y negociar con Bosch --tGuzmán y Bosch negocian en San Juan con Bundy, Vance y Fortas --tEl primer día de negociaciones en Santo Domingo. Guzmán rehúsa reprimir a los comunistas --tEl segundo y largo día de negociaciones en Santo Domingo --tLos constitucionalistas paran las negociaciones --tLa influencia de Mann y la muerte de Fernández Domínguez debilitan el acuerdo --tLa OEA quiere ser la que necocie . Los planes para sacar a Imbert por la fuerza --tOptimismo sobre la "Formula Gumán" --tJohnson insiste en la salidad de los tres líderes constitucionalistas --tJohnson hunde la "Formula Guzmán" --tGuzmán no acepta la endurecida posición américana, Mora comienza a opinar --tEntre la salida de Bundy y la llegada de Bunker. El papel de Mora - aInventariado, 2021/VM 4aRepública DominicanaxHistoriay1961- 4aRepública DominicanaxHistoriayOcupación norteamericana, 1965-1966 4aEstados UnidosxRelaciones exterioreszRepública Dominicana 4aRepública DominicanaxRelaciones exterioreszEstados Unidos2 aFundación Cultural Dominicana aVMateo V.  2ddccBK 00102ddc40708CDaBPMETbBPMETd2021-07-15eCompraoBPMSU CD 972.93054 V422n 2012pBPMSU070001r2021-07-15w2021-07-15yBK c13569d13569